000
00291nam a2200133Ia 4500
100
_a
Srinath/ L.S.
942
_c
BK
654
_a
Pert and CPM
245
_a
Pert and CPM
260
_b
Affliated East West Press
_a
New Delhi
_c
1975
082
_a
658.4032
300
_a
166
546
_a
ENGLISH
999
_c
34232
_d
34232